000 00604nam a2200205Ia 4500
008 191130s1999##################000#0#eng##
020 _a9780749429676
040 _aACL
_cACL
082 _a658.31120941 FOR
100 _aFord, Rob
245 _aMaking the most of the new deal : an employer's guide to the welfare-to-work scheme
_cRob Ford
260 _aLondon
_bKogan Page
_cc1999
300 _avi, 106 p. : ill. ; 23cm
500 _aIncludes index
650 _aEmployee selection
650 _aLabour policy
990 _a8662c56fac10000c4ca0a942b472aa24
991 _a198072
999 _c1606
_d1606